000 00723nam a2200205 i 4500
001 23168
003 ES-MaACL
005 20230906152827.0
007 t|
008 021209s1999 sp ||||1| spa d
100 1 _aAlonso, Eduardo.
_920198
245 1 0 _aTickets de café
_b: versos /
_cpalabras [pre]liminares de Manuel Mur Oti ; epílogo de César González Ruano ; ilustraciones de José Ejarque.
260 _aMadrid :
_b[s.n.,
_c1948] (
_fTalleres de Luis Pérez)
300 _a298 p., 10 lám. ;
_c17 cm.
700 1 _aMur Oti, Manuel.
_984528
700 1 _aGonzález-Ruano, César,
_d1903-1965
_958936
700 1 _aEjarque, José.
_946881
852 _aES-MaACL
_jC-4887
_bR.25393
999 _c23168
_d23168